Induksi Modul Khusus Bagi Kumpulan Sokongan (Kategori IX-XI) : 2 - 6 Februari 2001

Bibliographic Details
Format: Book
Subjects:
Online Access:http://app.inspen.gov.my:7779/pls/portal/docs/PAGE/CORPORATEPAGES/PORTAL_INSPEN/NOTA_KURSUS/JJ/M0202A.PDF

MARC

LEADER 00000cam a2200000 7i4500
001 0000014346
005 20071210.0
040 |a INS 
090 0 0 |a J 48 n.1 
245 0 0 |a Induksi Modul Khusus Bagi Kumpulan Sokongan (Kategori IX-XI) :   |b 2 - 6 Februari 2001 
650 0 0 |a Jabatan Penilaian dan Perkhidmatan Harta 
856 |u http://app.inspen.gov.my:7779/pls/portal/docs/PAGE/CORPORATEPAGES/PORTAL_INSPEN/NOTA_KURSUS/JJ/M0202A.PDF 
999 |a J000000068   |b BOOK   |c Course Notes   |e Default branch 
999 |a J000000069   |b BOOK   |c Course Notes   |e Default branch 
999 |a J000000377   |b BOOK   |c Course Notes   |e Default branch